[Event "FIDE World Cup"]
[Site "Tbilisi"]
[Date "2017.09.11"]
[Round "3.4"]
[White "Navara, David"]
[Black "Grischuk, Alexander"]
[Result "1/2-1/2"]
[WhiteElo "2720"]
[BlackElo "2788"]
[Annotator "Bronznik,V"]
[PlyCount "80"]
[EventDate "2017.09.03"]
[EventType "k.o."]
[EventRounds "7"]
[EventCountry "GEO"]
[SourceTitle "CBM 181"]
[Source "ChessBase"]
[SourceDate "2017.11.10"]
[SourceVersion "1"]
[SourceVersionDate "2017.11.10"]
[SourceQuality "1"]

1. e4 c5 2. Nf3 e6 3. d4 cxd4 4. Nxd4 Nf6 5. Nc3 Nc6 6. Ndb5 d6 7. Bf4 e5 8.
Bg5 a6 9. Na3 b5 10. Nd5 Be7 11. Bxf6 Bxf6 12. c4 bxc4 {Dieser Zug wird von
der Theorie nicht besonders hoch geschätzt.} ({Die Hauptfortsetzung ist} 12...
b4) 13. Bxc4 ({Viel öfter kam hier} 13. Nxc4 {vor, aber nach} O-O {scheint
mir die schwarze Stellung absolut in Ordnung zu sein, z. B.} 14. Nxf6+ (14.
Ndb6 $6 Rb8 15. Nxc8 Qxc8 (15... Rxc8 $5 16. Qxd6 $140 (16. Nxd6 $4 Qa5+ $19)
16... Qe8 $44) 16. Rc1 $6 (16. Bd3 Rd8 17. O-O Nd4 $11) (16. Nxd6 $2 Qc7 17.
Nc4 Rfd8 18. Qb1 Bg5 $17) (16. Qxd6 $4 Rd8 17. Qa3 Be7 $19 {[%cal Re7b4]})
16... Nd4 (16... Bg5 $5) 17. Bd3 (17. Nxd6 $2 Qd7 18. Nc4 Bg5 19. Rc3 Qc6 $17)
17... Bg5 $36 {Paehtz,E (2481) - Ushenina,A(2476)/Nalchik 2008}) (14. Bd3 Be6
15. O-O Bxd5 16. exd5 Nd4 $13 {Morozevich,A (2683) - Paravyan,D (2528)/Sochi 
(blitz) 2016}) 14... gxf6 $5 (14... Qxf6 15. Qxd6 Qxd6 16. Nxd6 Nb4 17. O-O-O
Nxa2+ 18. Kb1 Be6 19. Bc4 Nb4 20. Bxe6 fxe6 21. f3 $14 {Papadopoulos,I (2490)
- Abdulov,O (2318)/Gaziantep 2008}) 15. Bd3 {(die Empfehlung von Haba - der
tschechische Großmeister meint, dass Weiß danach etwas besser steht, aber
ich habe große Zweifel an diesem Urteil)} (15. Qxd6 Qxd6 16. Nxd6 Nb4 $44 17.
Rd1 Nxa2 18. Bc4 Be6 19. O-O Rab8 $11 {Wippermann,T (2438) - Ikonnikov,V (2555)
/BL2 2008}) 15... Be6 16. O-O Kh8 17. Ne3 Rg8 $132 {[%cal Yd8f8,Yf8h6]}) 13...
Bg5 ({Grischuk beeilt sich noch nicht mit der Rochade und bringt zuerst seinen
schwarzfeldrigen Läufer auf eine bessere Position. Vielleicht hat ihm nicht
gefallen, dass in Falle von} 13... O-O {Weiß mittels} 14. h4 $5 {dem Bf6 das
Feld g5 verbieten kann.}) 14. h4 $5 $146 {Eine sehr interessante Neuerung.} (
14. O-O O-O 15. Nc2 Kh8 $13 {[%cal Yf7f5] Lintchevski,D (2450) - Korennoi,V 
(2184)/Minsk 2008}) 14... Bh6 (14... Bxh4 $2 15. Rxh4 Qxh4 16. Nc7+ Ke7 17.
Nxa8 Bb7 (17... Qxe4+ 18. Kf1 Nd4 19. Nc7 Bb7 20. Bd5 $1 Bxd5 21. f3 Qh4 22.
Nxd5+ Ke6 23. Ne3 $16) 18. Nc7 Qxe4+ 19. Kf1 Nb4 (19... Nd4 20. Bd5 $1 Bxd5 21.
f3 Qh4 22. Nxd5+ Ke6 23. Ne3 $16) 20. f3 Qe3 21. Bd5 $1 Rc8 22. Nc2 Nxc2 23.
Qxc2 Kd8 24. Bxb7 Rxc7 25. Qe4 $16) 15. g4 $1 {[%cal Rg4g5]} g6 ({Die
"typische" Reaktion} 15... Bf4 16. Nxf4 exf4 {verspricht in diesem konkreten
Fall} {wegen der Antwort} 17. Bd5 $1 {kein ausreichendes Gegenspiel} ({aber
nicht} 17. Bxf7+ $2 Kxf7 18. Qd5+ Be6 19. Qxc6 Qa5+ (19... Bxg4 $2 20. Nc4 $16)
(19... Re8 $5) 20. Qc3 Qxc3+ 21. bxc3 Rab8 (21... Bxg4 $15) 22. g5 Rb2 {
mit mehr als ausreichender Kompensation für den Bauern}) {, z. B.} 17... Bd7
18. Rc1 Rc8 (18... Ne5 $6 19. Bxa8 Qxa8 20. Qxd6 Qxe4+ 21. Kd2 f6 22. Rce1 Qc6
23. Rxe5+ fxe5 24. Qxe5+ Qe6 25. Re1 Qxe5 26. Rxe5+ Kf7 27. f3 $16) 19. Nc4 O-O
(19... Qe7 $2 20. Nb6 $18) 20. Nxd6 Rc7 21. Nxf7 $1 Rxf7 22. Rh3 $1 (22. Bxc6
Qc8 23. Bxd7 Rfxd7 24. Qb3+ Kh8 $44 25. Rxc7 Rxc7 26. Rh3 Qxg4 27. Rc3) 22...
Ne5 23. Bxf7+ (23. Rxc7 Qxc7 24. Rc3 Qb8 25. Qb3 Qxb3 26. Rxb3 Kf8 27. Bxf7
Kxf7) 23... Nxf7 24. Rxc7 Qxc7 25. Rc3 Qb7 26. Qd5 Qxd5 27. exd5 {, und in
diesem Endspiel muss Schwarz ums Remis kämpfen.}) 16. g5 Bg7 17. h5 $1 {
Konsequent und stark.} (17. Qd3 Bg4 $5 {[%cal Rc6d4]} (17... h6 18. O-O-O hxg5
19. hxg5 Rxh1 20. Rxh1 Qxg5+ 21. Kb1 Qd8 22. Nc2 $44) 18. f3 Bh5 $5 19. O-O-O
O-O 20. Nc2 a5 $13) 17... O-O (17... Be6 $4 18. h6 Bf8 19. Qa4 Bd7 20. Nf6+ Ke7
21. Bd5 Rc8 22. Nc4 $18) (17... Bd7 $4 18. h6 Bf8 19. Nf6+ Ke7 20. Rc1 $18) 18.
hxg6 hxg6 $6 {Zumindest aus praktischer Sicht finde ich diesen Zug zweifelhaft
- die offene h-Linie bietet dem Weißen gefährliche Angriffsmöglichkeiten.} (
{Eine sehr interessante und aus meiner Sicht auch die beste Option war} 18...
Qxg5 $1 {, z. B.} 19. gxf7+ (19. gxh7+ Kh8 $44 {[%cal Rg5g2,Rc6d4,Rf7f5]})
19... Kh8 20. Ne3 (20. Qh5 Qxh5 21. Rxh5 Rb8 22. Ne3 (22. O-O-O $2 Bg4) (22. b3
Rxf7 23. Nb4 Rxb4 24. Bxf7 Rxe4+ 25. Kf1 Ne7 $44) 22... Rxb2 23. Nac2 Nd4 $11)
20... Nd4 21. Bd5 Rb8 22. Nac4 Bb7 23. Nxd6 (23. Bxb7 Rxb7 24. Nxd6 Rxb2 25.
Qh5 Qxh5 26. Rxh5 Rb6 {scheint für Schwarz ohne große Mühe haltbar zu sein,
z. B.} 27. Ndf5 Rxf7 28. Rc1 h6 29. Nxd4 exd4 30. Nf5 Rb2 31. a3 d3 32. Rd1 Rc7
33. Nxh6 Bxh6 34. Rxh6+ Kg7 35. Rh3 Rf7 36. f3 Re2+ 37. Kf1 Re3 {mit Remis})
23... Bxd5 24. exd5 e4 25. Kf1 (25. Nxe4 Qg6 26. Qd3 Rxb2 27. Nc5 Nf3+ 28. Kf1
Nd2+ 29. Ke1 Nf3+ $11) 25... Nf3 (25... Rxb2 $2 26. Qh5 Qxh5 27. Rxh5 $16) 26.
Nec4 Qf4 {[%csl Rb2][%cal Rf3h2] - für zwei geopferte Bauern verfügt Schwarz
über beträchtliche Kompensation.} {nn} 27. Qc2 Rb4 28. Rd1 (28. Qe2 Bd4) (28.
Re1 Nxe1 29. Kxe1) 28... Nh2+ 29. Rxh2 Qxh2 30. Qxe4 Rxc4 31. Nxc4 Rxf7) 19.
Qd2 Bg4 $6 {Danach gerät Schwarz in eine sehr schwierige Lage.} ({Besser
gefällt mir} 19... Nd4 {, auch wenn Weiß nach} {folgt} 20. O-O-O Nf3 21. Qe3
Nxg5 22. Nb6 Rb8 23. Nxc8 Rxc8 24. Kb1 {gute Kompensation für den geopferten
Bauern hat.}) 20. Nc2 Rc8 {Grischuk opfert den Bauern a6 in der Hoffnung,
Initiative an sich zu reißen, aber wie wir gleich sehen werden, sollte es
nicht der Fall sein. Aber die schwarze Stellung war in jedem Fall schwer genug,
z. B:} (20... Re8 {[%cal Yc6d4,Ge8e4]} 21. f3 $1 (21. Z0 {es drohte} Bf3 22.
Rh4 Nd4 {[%cal Rf3e4,Rd4c2,Rd8g5,Rd4e6]}) 21... Be6 (21... Bxf3 $6 22. Rf1 Bxe4
23. Nf6+ Bxf6 24. gxf6 {[%cal Rd2h6]} Qa5 $8 25. b4 Nxb4 $8 26. Nxb4 Qa3 27.
Nd5 Qg3+ 28. Rf2 {[%cal Rd2h6]} g5 29. Qe3 Qh4 30. Ne7+ Kf8 31. Bb3 a5 32.
O-O-O a4 33. Bc2 Bxc2 34. Rxc2 $16 {/+-}) 22. O-O-O Rb8 23. Rh2 Bxd5 24. Bxd5
Qb6 25. Ne3 Nd4 26. Kb1 Nxf3 27. Bxf7+ Kxf7 28. Qd5+ Re6 29. Nc4 Qc5 30. Qxc5
dxc5 31. Rf2 $16) (20... Bf3 21. Rh4 Re8 (21... Nd4 $2 22. Nxd4 exd4 23. Qf4
Bh5 24. Nf6+ Bxf6 25. gxf6 Qa5+ 26. Kf1 Qe5 27. Qh6 Qxf6 28. Rxh5 $18) (21...
Na5 $2 22. Be2 Bxe2 23. Kxe2 $18) 22. Kf1 $1 (22. Be2 $6 Bxe2 23. Kxe2 Rb8 24.
b3 Nd4+ 25. Nxd4 exd4 26. Rah1 {[%cal Rd2f4,Rf4h2]} Rb5 27. Kd1 {[%cal Rf2f4,
Rd2h2]} Rxd5 $1 (27... Rxe4 28. Rxe4 Rxd5 29. f4 $16) 28. exd5 Qa8 29. Re1 Rf8
$1 (29... Rxe1+ 30. Qxe1 Qxd5 31. Qe8+ Bf8 32. Rf4 $16) 30. Rxd4 Bxd4 31. Qxd4
Re8 {mit guten Remischancen}) (22. Qe3 $5 Bh5 23. Qg3 {[%cal Rd5f6]} Kf8 24.
Kf1 $16 {[%csl Ra6,Rf8,Rg7]}) 22... Rb8 23. b3 a5 (23... Nd4 $2 24. Nxd4 exd4
25. Nf6+ $1 Bxf6 26. gxf6 Qxf6 27. Qf4 $1 Qxf4 28. Rxf4 $18) 24. Qe3 Bh5 25.
Qg3 Kf8 26. Be2 Bxe2+ 27. Kxe2 $16) (20... Nd4 $4 21. Nxd4 exd4 22. Qf4 $18)
21. Bxa6 Rb8 22. b3 Re8 {[%cal Rc6d4]} (22... Nd4 23. Nxd4 exd4 24. Qf4 Bh5 (
24... Qa5+ $4 25. b4 Qxa6 26. Ne7#) 25. Nf6+ Bxf6 26. gxf6 Qa5+ 27. Qd2 Qc3 (
27... Qxa6 $4 28. Rxh5 $18) 28. Rc1 Qxd2+ 29. Kxd2 $16) 23. Bc4 $2 {Das Glück
war so nah!} ({Nach} 23. Be2 $1 {wäre Weiß mit einem gesunden Mehrbauern und
ausgezeichneten Gewinnchancen verblieben, z. B.} Be6 ({oder} 23... Bxe2 24.
Kxe2 Nd4+ 25. Nxd4 exd4 26. f3 $16 d3+ $140 $2 27. Kxd3 Bxa1 28. Rxa1 $18) 24.
Bc4 Nd4 25. Nxd4 exd4 26. Kf1 $16) (23. Z0 $140 Nd4 24. Nxd4 exd4 25. Qf4 Qa5+
26. b4 Qxd5) 23... Bf3 24. Rh4 Nd4 {Jetzt geht die Rechnung von Schwarz
wirklich auf - seine Figuren werden aktiv und gefährlich.} 25. Nxd4 (25. Kf1
$5) 25... exd4 26. Kf1 Bxe4 {Es gab auch andere Fortsetzungen:} (26... Re5 $5 {
[%csl Rg5]} 27. Rc1 (27. Rf4 $4 Qxg5 $19) (27. Qf4 Rxe4 28. Qg3 Rxh4 29. Qxh4
d3 30. Nf6+ Bxf6 31. gxf6 d2 32. Qg5 {[%cal Rg5g6]} d5 33. Be2 Bxe2+ 34. Kxe2
Qe8+ 35. Kxd2 Qe4 36. Qe3 $11) 27... Rxg5 (27... Qxg5 28. Qxg5 Rxg5 29. Rf4 Rh5
30. Rxf3 Rh1+ 31. Ke2 Rxc1 32. Nf6+ Kh8 33. Rh3+ Bh6 34. Rxh6+ Kg7 35. Rh7+
Kxf6 36. Rxf7+ Kg5 37. a4 $44) 28. Rf4 Bg2+ 29. Ke2 Rb7 $13) (26... Rxe4 27.
Rxe4 Bxe4 28. Re1 Bxd5 29. Bxd5 $11) (26... Bxe4 27. Re1 Bxd5 28. Rxe8+ Qxe8
29. Bxd5 $11) (26... d3 27. Re1 Re5 $13) 27. Nf6+ $2 {Ein weiterer Fehler.} (
27. Qf4 $142 Bxd5 (27... Bf5 $5 $13) 28. Bxd5 Qd7 29. Rd1 Re5 30. Bc4 Rbe8 31.
Qxd4 Re1+ 32. Rxe1 Rxe1+ 33. Kxe1 Bxd4 34. Rxd4 $11) (27. Re1 $142 Bxd5 28.
Rxe8+ Qxe8 29. Bxd5 Rc8 30. Bc4 Rc5 31. f4 Qe4 32. Qe2 Qc6 33. Kf2 Kf8 $11)
27... Bxf6 28. Qf4 Bf5 $2 {Grischuk revanchiert sich.} ({Richtig war} 28...
Bd3+ $1 29. Kg2 (29. Bxd3 $2 Bxg5 $19) 29... Re4 30. Qxf6 (30. Qg3 $2 Be5 $19)
30... Rxh4 31. Qxd8+ Rxd8 32. Bxd3 Rg4+ 33. Kf3 Rxg5 $17) 29. gxf6 Qxf6 30. Qh6
d5 ({Oder} 30... d3 31. Rd1 Re2 32. Bxd3 Bxd3 33. Qh7+ Kf8 34. Qh8+ Ke7 35.
Qxf6+ Kxf6 36. Rxd3 Rxa2 37. Rxd6+ Kg7 $11) 31. Bxd5 d3 32. Qh7+ Kf8 33. Qh8+
Qxh8 34. Rxh8+ Kg7 35. Rxe8 Rxe8 36. Rd1 Re2 37. a4 Ra2 38. Ke1 Re2+ 39. Kf1
Ra2 40. Ke1 Re2+ 1/2-1/2

[Event "Saint Louis Champions Showdown G30"]
[Site "Saint Louis"]
[Date "2017.11.09"]
[Round "1.2"]
[White "Caruana, Fabiano"]
[Black "Grischuk, Alexander"]
[Result "1-0"]
[WhiteElo "2794"]
[BlackElo "2785"]
[PlyCount "109"]
[EventDate "2017.10.21"]
[EventType "match (rapid)"]
[EventRounds "4"]
[EventCountry "USA"]
[SourceTitle "CBM 182"]
[Source "ChessBase"]
[SourceDate "2018.01.17"]
[SourceVersion "1"]
[SourceVersionDate "2018.01.17"]
[SourceQuality "1"]

1. e4 c5 2. Nf3 d6 3. d4 cxd4 4. Nxd4 Nf6 5. Nc3 a6 6. Be2 e5 7. Nf3 Be7 8. Bg5
Be6 9. Bxf6 Bxf6 10. O-O Be7 11. Nd5 Nd7 12. Bc4 Rc8 13. Qe2 Nb6 14. Nxb6 Qxb6
15. Bb3 O-O 16. Rfd1 Kh8 17. h3 Rcd8 18. Nd2 Bc8 19. Nc4 Qc6 20. a4 Bh4 21. g3
Be7 22. h4 g6 23. a5 f5 24. Nb6 f4 25. Rd3 fxg3 26. fxg3 h5 27. Rc3 Qe8 28. Rc7
d5 29. Qe3 Rf7 30. Nxd5 Bf8 31. Rxf7 Qxf7 32. Rf1 Qg7 33. Kg2 Be6 34. Qg5 Rc8
35. Nb6 Be7 36. Qe3 Rc6 37. Bxe6 Rxe6 38. Nd5 Bd8 39. b4 g5 40. Qc5 Re8 41.
hxg5 Rg8 42. Rf5 Bxg5 43. Qd6 h4 44. Qxe5 Qxe5 45. Rxe5 hxg3 46. Rf5 Bd2 47.
Rh5+ Kg7 48. Kxg3 Rf8 49. Rf5 Rh8 50. Rf3 Rh1 51. Rd3 Be1+ 52. Kg2 Rh4 53. Kf3
Kf7 54. c3 Rh3+ 55. Ke2 1-0

[Event "Saint Louis Champions Showdown G30"]
[Site "Saint Louis"]
[Date "2017.11.09"]
[Round "3.2"]
[White "Caruana, Fabiano"]
[Black "Grischuk, Alexander"]
[Result "0-1"]
[WhiteElo "2794"]
[BlackElo "2785"]
[PlyCount "80"]
[EventDate "2017.10.21"]
[EventType "match (rapid)"]
[EventRounds "4"]
[EventCountry "USA"]
[SourceTitle "CBM 182"]
[Source "ChessBase"]
[SourceDate "2018.01.17"]
[SourceVersion "1"]
[SourceVersionDate "2018.01.17"]
[SourceQuality "1"]

1. e4 e5 2. Nf3 Nc6 3. Bb5 Nf6 4. d3 Bc5 5. Nc3 O-O 6. Bxc6 dxc6 7. Ne2 Re8 8.
h3 Nd7 9. g4 Bb4+ 10. Kf1 Bf8 11. Ng3 Nc5 12. Be3 f6 13. Nf5 Ne6 14. Rg1 Kh8
15. h4 g6 16. Nh6 Qe7 17. Qd2 c5 18. Rg3 b6 19. Kg2 Bb7 20. Rh1 Rad8 21. h5
Bxh6 22. hxg6 Bxe3 23. fxe3 Nf8 24. g5 Nxg6 25. gxf6 Qxf6 26. Ng5 Re7 27. Rf1
Qg7 28. Rh1 Qg8 29. Qe2 c4 30. Rh6 cxd3 31. cxd3 Rd6 32. Qh5 Rxd3 33. Kg1 Rd6
34. Rg2 Rg7 35. Qg4 Nf8 36. Rh5 Rdg6 37. Qf5 Nd7 38. Kh1 Nf6 39. Rh4 Nxe4 40.
Nxh7 Ng3+ 0-1

[Event "EU-chT (Men) 21st"]
[Site "Heraklion"]
[Date "2017.10.29"]
[Round "2.1"]
[White "Zhigalko, Sergei"]
[Black "Grischuk, Alexander"]
[Result "1/2-1/2"]
[WhiteElo "2638"]
[BlackElo "2785"]
[PlyCount "60"]
[EventDate "2017.10.28"]
[EventType "team-swiss"]
[EventRounds "9"]
[EventCountry "GRE"]
[SourceTitle "CBM 182"]
[Source "ChessBase"]
[SourceDate "2018.01.17"]
[SourceVersion "1"]
[SourceVersionDate "2018.01.17"]
[SourceQuality "1"]
[WhiteTeam "Belarus"]
[BlackTeam "Russia"]
[WhiteTeamCountry "BLR"]
[BlackTeamCountry "RUS"]

1. e4 c5 2. Nf3 e6 3. c3 Nf6 4. e5 Nd5 5. d4 cxd4 6. cxd4 d6 7. Bc4 Be7 8. O-O
O-O 9. Re1 Nc6 10. Qe2 Qb6 11. Nc3 Nxd4 12. Nxd4 Qxd4 13. Bxd5 exd5 14. Nb5 Qb6
15. Be3 Qd8 16. exd6 Bxd6 17. Nxd6 Qxd6 18. Bd4 Bd7 19. Qe7 Qxe7 20. Rxe7 Bc6
21. Rae1 a6 22. R1e3 Rfe8 23. Rxe8+ Rxe8 24. Rxe8+ Bxe8 25. f3 f6 26. Kf2 Kf7
27. Ke3 Ke6 28. Bc5 d4+ 29. Bxd4 Bc6 30. Bc3 Bd5 1/2-1/2

[Event "EU-chT (Men) 21st"]
[Site "Heraklion"]
[Date "2017.10.30"]
[Round "3.1"]
[White "Navara, David"]
[Black "Grischuk, Alexander"]
[Result "1/2-1/2"]
[WhiteElo "2726"]
[BlackElo "2785"]
[PlyCount "49"]
[EventDate "2017.10.28"]
[EventType "team-swiss"]
[EventRounds "9"]
[EventCountry "GRE"]
[SourceTitle "CBM 182"]
[Source "ChessBase"]
[SourceDate "2018.01.17"]
[SourceVersion "1"]
[SourceVersionDate "2018.01.17"]
[SourceQuality "1"]
[WhiteTeam "Czech Republic"]
[BlackTeam "Russia"]
[WhiteTeamCountry "CZE"]
[BlackTeamCountry "RUS"]

1. e4 e5 2. Nf3 Nc6 3. Bb5 Nf6 4. d3 Bc5 5. c3 d5 6. Nbd2 dxe4 7. dxe4 O-O 8.
O-O Qe7 9. Qe2 a5 10. a4 Nb8 11. Nb3 Bd6 12. Bg5 h6 13. Bh4 Nbd7 14. h3 Rd8 15.
Rfd1 Nf8 16. Bg3 Be6 17. Nbd2 Nh5 18. Bh2 Ng6 19. Bc4 Nhf4 20. Qf1 Bd7 21. Bg3
Bc5 22. Bb5 Be6 23. Bc4 Bd7 24. Bb5 Be6 25. Bc4 1/2-1/2

[Event "EU-chT (Men) 21st"]
[Site "Heraklion"]
[Date "2017.10.31"]
[Round "4.1"]
[White "Grischuk, Alexander"]
[Black "Leko, Peter"]
[Result "1/2-1/2"]
[WhiteElo "2785"]
[BlackElo "2679"]
[PlyCount "39"]
[EventDate "2017.10.28"]
[EventType "team-swiss"]
[EventRounds "9"]
[EventCountry "GRE"]
[SourceTitle "CBM 182"]
[Source "ChessBase"]
[SourceDate "2018.01.17"]
[SourceVersion "1"]
[SourceVersionDate "2018.01.17"]
[SourceQuality "1"]
[WhiteTeam "Russia"]
[BlackTeam "Hungary"]
[WhiteTeamCountry "RUS"]
[BlackTeamCountry "HUN"]

1. d4 Nf6 2. Bf4 e6 3. e3 c5 4. Nf3 cxd4 5. exd4 b6 6. Bb5 Be7 7. h3 O-O 8. O-O
Bb7 9. Re1 d6 10. a4 Na6 11. Na3 Nc7 12. Bf1 a6 13. Rc1 Rc8 14. c4 a5 15. Qb3
Na6 16. Nb5 Nb4 17. Na7 Ra8 18. Nb5 Rc8 19. Na7 Ra8 20. Nb5 1/2-1/2

[Event "EU-chT (Men) 21st"]
[Site "Heraklion"]
[Date "2017.11.01"]
[Round "5.1"]
[White "Grischuk, Alexander"]
[Black "Solak, Dragan"]
[Result "1-0"]
[WhiteElo "2785"]
[BlackElo "2626"]
[Annotator "Sumets,A"]
[PlyCount "131"]
[EventDate "2017.10.28"]
[EventType "team-swiss"]
[EventRounds "9"]
[EventCountry "GRE"]
[SourceTitle "CBM 182"]
[Source "ChessBase"]
[SourceDate "2018.01.17"]
[SourceVersion "1"]
[SourceVersionDate "2018.01.17"]
[SourceQuality "1"]
[WhiteTeam "Russia"]
[BlackTeam "Turkey"]
[WhiteTeamCountry "RUS"]
[BlackTeamCountry "TUR"]

1. e4 c6 2. d4 d5 3. exd5 cxd5 4. Nf3 Nc6 (4... Nf6 5. Bf4 {- Eljanov,P-Hammer
J Mallorca 2017.}) 5. Bb5 e6 (5... Bg4 {At the moment, this option hasn't been
well studied. The only game that I managed to find is the blitz game.} 6. Nbd2
e6 7. c4 a6 $2 (7... Bd6) 8. Bxc6+ bxc6 9. Qa4 Rc8 10. Ne5 Bf5 11. O-O Bd6 12.
cxd5 Bxe5 $6 (12... exd5 13. Re1 Ne7 14. Nxc6 $1 Qd7 15. Nxe7 $1 $16) 13. dxe5
Qxd5 $2 (13... exd5 14. Qxa6 Ne7 15. Nb3 O-O 16. Be3 $16) 14. Nc4 $18 {Nielsen,
P (2654)-Donchenko,A (2577) Berlin 2015 0-1 (54)}) 6. O-O ({Another line is} 6.
Ne5 Bd7 (6... Qb6 {It seems to me that the queen is not well-placed on b6, but
Morozevich failed to find an advantage after} 7. c4 Bb4+ 8. Nc3 Nge7 9. O-O O-O
10. Bxc6 bxc6 11. Na4 Qd8 12. Qc2 Bd6 13. Re1 Qc7 14. Bd2 Nf5 15. Nf3 dxc4 16.
Qxc4 a5 $11 {Morozevich,A (2741)-Bareev,E (2709) Monte Carlo 2005 1-0 (49)}) 7.
Nxd7 Qxd7 8. c3 Nf6 9. O-O Bd6 10. Nd2 O-O 11. f4 Qc7 12. g3 a6 13. Bd3 b5 14.
a3 Na5 $132 {Predke,A (2566)-Rodshtein, M (2698) Minsk 2017 0-1 (47)}) 6... Bd6
7. Re1 (7. c4 Nge7 8. Nc3 O-O 9. Re1 f6 (9... a6 $5 10. Bxc6 Nxc6 11. cxd5 exd5
12. h3 Be6 13. Bg5 Qc7 14. Rc1 h6 15. Be3 Rfe8 16. Na4 Rad8 $15 {Axelrod,A 
(2328) -Raznikov,D (2488) Acre 2013 0-1 (39)}) 10. h3 $1 a6 11. cxd5 ({After} 
11. Bxc6 Nxc6 {Black doesn't have ...Bxh2+}) 11... exd5 12. Bxc6 bxc6 13. Na4
g5 (13... Bf5 14. Bd2 Rb8 $11) 14. Nc5 Ng6 15. Qa4 Qb6 16. Bd2 Bf5 17. Rac1 h5
$13 {Carlsen,M (2733)-Topalov,V (2780) Nice 2008 1/2 (65)}) 7... Nge7 $1 (7...
Bd7 $6 {Black just lost a tempo.} 8. c4 Nge7 9. c5 Bb8 10. Nc3 O-O 11. Rb1 f6
12. b4 $14 g5 $6 13. Bd3 Ng6 14. b5 Na5 15. Qc2 $16 {Djuric,S (2504)
-Ivanisevic,I (2447) Vrnjacka Banja 1999 0-1 (33)}) 8. Bd3 (8. c4 $5 {would
come too early, Alexander wants to play c4 only after ...Ng6, where the knight
doesn't control the d5-square.} O-O (8... dxc4 9. Bxc4 O-O 10. Nc3 b6 11. a3
Bb7 $13) 9. c5 Bc7 10. Nc3) 8... Ng6 9. c4 dxc4 ({Black could have tried} 9...
O-O 10. Bg5 $5 Be7 11. Bxe7 Ngxe7 12. Nc3 (12. c5 b6 13. Qc2 h6 $11) 12... dxc4
13. Bxc4 Qb6 14. Qd3 $13) 10. Bxc4 O-O 11. Nc3 b6 12. Bg5 Be7 13. Bxe7 Ncxe7 (
13... Ngxe7 14. d5 exd5 15. Nxd5 Nxd5 16. Bxd5 Bb7 17. Ne5 Nxe5 18. Bxb7 Rb8
19. Bd5 Qf6 20. Qb3 $14) 14. d5 exd5 15. Nxd5 $14 {It is almost impossible to
win this against a computer, but it's an unpleasant position even for a strong
GM. I'm pretty sure that Dragan would be happy to play it with the white
pieces.} Nc6 $1 (15... Be6 16. Nxe7+ Qxe7 17. Bxe6 fxe6 18. Qb3 $16 {Black has
only one weakness on e6 but if White doubles rooks on the e-file, then he can
play g3, h4 with a big advantage.}) 16. Qa4 Na5 17. Rad1 Nxc4 18. Qxc4 Be6 19.
Qe4 Bxd5 {I think Black shouldn't have traded his bishop.} (19... Re8 $1 20.
Qa4 (20. Nf4 Qc8 21. Nxe6 Rxe6 22. Qa4 Qe8 $11) (20. g3 Rc8 21. h4 Bd7 $11)
20... Bxd5 21. Rxe8+ Qxe8 22. Qxe8+ Rxe8 23. Rxd5 f6 24. g3 Kf7 $11) 20. Rxd5
Qc7 21. g3 (21. h4 $143 h6 22. g3 Rad8) 21... Rad8 22. Nd4 Rxd5 23. Qxd5 Rd8
24. Qc6 Qd7 $6 {This leads to a difficult endgame. The fact, that the endgame
is objectively drawish, doesn't help Black to make a draw over the board.} ({
I think Dragan should have chosen} 24... Qd6 $1 25. Re8+ Nf8 26. Qxd6 (26. Rxd8
Qxd8 27. Nb5 h5 $1 28. h4 (28. Nxa7 Qd1+ 29. Kg2 h4 $1 30. Qb5 Qg4 {
threatening h3+} 31. Qd3 Qa4 32. Nb5 Qxa2 $11) 28... Qd2 29. Nxa7 Qxb2 30. a4
Qa1+ 31. Kg2 Qd4 32. Nc8 Ng6 33. Nxb6 Nxh4+ 34. gxh4 Qg4+ $11) 26... Rxd6 27.
Nb5 Rd2 {Black hasn't any problems to make a draw.} 28. Nxa7 Rxb2 29. Nc6 g6
30. Ne5 Kg7 31. f4 (31. Re7 Kf6 32. Rxf7+ Kxe5 33. Rxf8 Rxa2 $11) 31... f5 32.
Re7+ Kg8 33. a4 Ra2 $11) 25. Qxd7 Rxd7 26. Re8+ Nf8 27. Nc6 f6 28. b4 (28. Ra8
Rd2 (28... a5 29. Rb8 $16) 29. Rxa7 Rxb2 30. Ne7+ Kf7 31. Nf5+ $16) 28... Kf7 (
28... Rc7 29. b5 Kf7 30. Ra8 Ng6 31. Rxa7 Rxa7 32. Nxa7 Ne7 33. Kf1 Ke6 34. Ke2
Kd5 35. Kd3 Kc5 36. Kc3 Nd5+ 37. Kb3 Ne7 $1 $11) 29. Ra8 Ne6 30. a4 a5 $6 {
I believe that even after this move the position remains drawish, but the
problems which Black faces are too difficult.} 31. bxa5 bxa5 32. Rxa5 Nd4 33.
Ra7 $1 ({The computer recommends tradingthe knights, but this type of rook
endgame is well studied. Black doesn't have to calculate much to get a draw.} 
33. Nxd4 $6 Rxd4 34. Ra7+ Kg6 35. a5 Ra4 $14 {The endgame is drawish.}) 33...
Rxa7 34. Nxa7 Ke6 35. f4 g5 $2 {Generally Black should reduce material on the
board, so he should trade pawns. However, after fxg5 fxg5 White's king doesn't
need much time to attack Black's pawns.} (35... Kd5 36. Kf2 Kc5 37. a5 g6 (
37... Kb4 38. Ke3 Nb3 39. a6 Ka5 40. Nb5 Kxa6 41. Nc7+ Kb7 42. Ne8 $16) 38. Nc8
Kb5 39. Nd6+ Kxa5 40. Ke3 Nc2+ 41. Kd3 Ne1+ 42. Ke2 Nc2 43. Ne4 f5 44. Ng5 h6
45. Nf7 Kb4 46. Nxh6 Nd4+ 47. Ke3 Kc5 48. Nf7 Ne6 49. Ne5 Nf8 50. Kd3 $16) 36.
fxg5 fxg5 37. Kf2 $18 h5 {This move facilitates White's work. Black tries to
trade some pawns on the kingside White can easily avoid any pawn exchange, if
he shows minimal accuracy.} (37... Kd5 38. Ke3 Nf5+ (38... h6 39. Nb5 Nc6 40.
Nc7+ Kd6 41. Ne8+ Kd5 42. Nf6+ Ke6 43. Ng4 h5 44. Nf2 $18) 39. Kf3 h5 40. Nb5
Nh6 41. Nc7+ Kd6 42. Ne8+ Kc5 43. Ng7 $18) 38. Nb5 Nb3 39. Ke3 Ke5 40. Na3 Na5
41. Kd3 Kd5 42. Nc2 Nb3 {Other moves are not better.} (42... Nb7 43. Ne3+ Ke5
44. Nc4+ Kf5 45. Kd4 Kg4 46. Kd5 Kh3 47. Kc6 Kxh2 (47... Nd8+ 48. Kb6 h4 49.
gxh4 gxh4 50. a5 Kxh2 (50... Ne6 51. a6 $18) 51. a6 h3 52. a7 Kg1 53. a8=Q h2
54. Qa1+ $18) 48. Kxb7 Kxg3 49. a5 h4 50. a6 h3 51. Ne3 $18) 43. Ne3+ Kc5 44.
Nf5 Kd5 45. Ke3 Na5 (45... Nc5 46. a5 Kc4 47. Nd6+ Kb4 48. Ne4 Na6 49. Nxg5 $18
) 46. Kd3 Nb3 47. Kc3 Nc5 48. a5 Na6 49. Kd3 Nb4+ 50. Ke3 Ke5 51. Nd4 Kd5 52.
Nf3 $1 g4 53. Nd4 Ke5 54. Ne2 Nd5+ (54... Kf5 55. Nf4 Kg5 56. Ke4 h4 57. Nd3
Na6 58. Kd5 $18) 55. Kd3 Nb4+ 56. Kc4 Nc6 57. a6 Kd6 58. Nf4 Ne5+ 59. Kd4 h4 {
It would be great if Black could trade pawns but it's impossible.} 60. gxh4
Nf3+ 61. Ke4 Kc6 62. h5 Nxh2 63. h6 Nf3 64. Kf5 g3 65. h7 Nd4+ 66. Kf6 1-0